000 01025nam a22002297a 4500
005 20100518104511.0
008 100518t xxu||||| |||| 00| 0 hin d
010 _aHIN-89377
020 _c125.00
_a8171196012
035 _aHN-61723
037 _bDBAD / PUB
040 _aDPL
_bHN
082 _a
100 _aमहाश्वेता देवी
245 _aकृष्णद्वादशी /
_cमहाश्वेता देवी; माहेश्वर द्वारा अनुदित
260 _aदिल्ली
_bभूमिका प्रकाशन
_c2000
270 _aजी-17, जगतपुरी
_bदिल्ली
_e110051
300 _a111पृ
_c22सेमी (सजिल्द)
700 _aमाहेश्वर
942 _2ddc
_cHN
_mमहाश्वे
_h
999 _c36171
_d36171